Dios me llamó: camino de unidad y liberación
Guardat en:
| Autor principal: | |
|---|---|
| Format: | Llibre |
| Idioma: | espanyol |
| Publicat: |
Santiago
Ediciones Paulinas
1985
|
| Edició: | 1a. ed |
| Col·lecció: | Quiero Ser!, 9
|
| Matèries: | |
| Etiquetes: |
Afegir etiqueta
Sense etiquetes, Sigues el primer a etiquetar aquest registre!
|
MARC
| LEADER | 00000cam a2200000 a 4500 | ||
|---|---|---|---|
| 001 | UCD1000 | ||
| 003 | CL-VaPUC | ||
| 008 | 151231e19850000cl |||||||||||||||||spa|d | ||
| 082 | 0 | 4 | |a 248 |b ZEZ |2 21 |
| 100 | 0 | |a Zezinho |e author |9 584076 | |
| 245 | 1 | 0 | |a Dios me llamó: camino de unidad y liberación |
| 250 | |a 1a. ed | ||
| 300 | |a 185 p | ||
| 942 | |c BK | ||
| 945 | |d 20151231 00:35:00 |a gsalatino | ||
| 260 | |a Santiago |b Ediciones Paulinas |c 1985 | ||
| 650 | 0 | |a Espiritualidad cristiana |9 537993 | |
| 650 | 7 | |a LIBERACION |2 CL-VaPUC |9 399271 | |
| 650 | 0 | |a Vida cristiana |9 258753 | |
| 583 | |a last modification |c 20151231 00:35:00 |k Rodrigo Vera | ||
| 490 | 0 | |a Quiero Ser!, 9 | |
| 999 | |c 362430 |d 362428 | ||
| 952 | |0 0 |1 0 |3 erb |4 0 |6 248_000000000000000_ZEZ_1985 |7 0 |8 P |9 473698 |a BIBTEO |b BIBTES |c TEO_FTES |i 5275199 |o 248 ZEZ 1985 |p 5275199 |r 2024-01-18 |w 2019-11-24 |y BK |z Catalogado en:20151231 |k ICR | ||